| 000 | 00436nam a2200145 i 4500 | ||
|---|---|---|---|
| 001 | 65617 | ||
| 003 | ES-MaACL | ||
| 005 | 20230906165427.0 | ||
| 007 | t| | ||
| 008 | 040119s1935 sp ||||1| spa d | ||
| 245 | 0 | 0 |
_aFuente Obejuna _b: Lope de Vega, 1635-1935 : III Centenario / _c[organizado por el Ayuntamiento de esta villa]. |
| 260 |
_aSevilla : _bManuel Soto, _c1935. |
||
| 300 |
_a8 h. ; _c23 cm. |
||
| 852 |
_aES-MaACL _j1806-F-13 |
||
| 999 |
_c65617 _d65617 |
||